| 000 | 00463nam a2200145 i 4500 | ||
|---|---|---|---|
| 001 | 45244 | ||
| 003 | ES-MaACL | ||
| 007 | t| | ||
| 008 | 030325s1981 sp ||||1| spa d | ||
| 100 | 1 |
_aCobos Castro, Esperanza. _939371 |
|
| 245 | 1 | 0 |
_aMedio siglo de trato francés en Madrid (1870-1920) / _cEsperanza Cobos Castro. |
| 260 |
_aCórdoba : _b[Librería Andaluza : _bAstur], _c1981. |
||
| 300 |
_a364 p., 12 lám. ; _c21 cm. |
||
| 852 |
_aES-MaACL _jL-4996 _bR.105279 |
||
| 999 |
_c45244 _d45244 |
||